Battlestar Galactica Episodes - Statistics

General Stats
  • This quiz has been taken 147 times
  • The average score is 56 of 79
Answer Stats
Hint Answer % Correct
1x01 33
96%
1x02 Water
95%
0x00 Miniseries
91%
4x00 FILM Razor
89%
2x10 Pegasus
84%
2x14 Black Market
82%
3x08 Hero
82%
2x06 Home, Part I
82%
2x07 Home, Part II
82%
0x00 FILM The Plan
82%
1x09 Tigh Me Up, Tigh Me Down
82%
2x08 Final Cut
81%
4x08 Sine Qua Non
81%
2x05 The Farm
81%
1x11 Colonial Day
79%
2x03 Fragged
79%
2x11 Resurrection Ship, Part I
79%
2x12 Resurrection Ship, Part II
79%
2x15 Scar
79%
4x13 The Oath
79%
4x14 Blood on the Scales
77%
3x03 Exodus, Part I
77%
3x04 Exodus, Part II
77%
3x01 Occupation
77%
3x11 The Eye of Jupiter
77%
3x10 The Passage
77%
3x00 WEB The Resistance, Parts I-X
77%
1x03 Bastille Day
75%
3x16 Dirty Hands
75%
2x13 Epiphanies
75%
4x06 Faith
75%
4x07 Guess What's Coming to Dinner?
75%
2x04 Resistance
75%
2x17 The Captain's Hand
75%
3x09 Unfinished Business
75%
4x19 Daybreak, Part I
74%
4x20 Daybreak, Part II
74%
4x21 Daybreak, Part III
74%
2x09 Flight of the Phoenix
74%
4x02 Six of One
74%
4x00 WEB Face of the Enemy, Parts I-X
72%
2x16 Sacrifice
72%
1x10 The Hand of God
72%
1x12 Kobol's Last Gleaming, Part I
70%
1x13 Kobol's Last Gleaming, Part II
70%
1x06 Litmus
70%
4x09 The Hub
70%
3x19 Crossroads, Part I
68%
3x20 Crossroads, Part II
68%
2x18 Downloaded
68%
4x15 No Exit
68%
2x02 Valley of Darkness
68%
1x04 Act of Contrition
67%
1x05 You Can't Go Home Again
67%
1x08 Flesh and Bone
65%
3x02 Precipice
65%
3x18 The Son Also Rises
65%
4x18 Islanded in a Stream of Stars
63%
2x19 Lay Down Your Burdens, Part I
63%
2x20 Lay Down Your Burdens, Part II
63%
3x14 The Woman King
63%
3x15 A Day in the Life
61%
3x05 Collaborators
61%
3x06 Torn
61%
2x01 Scattered
60%
1x07 Six Degrees of Separation
60%
4x01 He That Believeth in Me
58%
4x16 Deadlock
56%
3x17 Maelstrom
56%
4x11 Sometimes a Great Notion
56%
3x07 A Measure of Salvation
54%
4x17 Someone to Watch Over Me
53%
4x03 The Ties That Bind
53%
3x12 Rapture
51%
4x12 A Disquiet Follows My Soul
49%
4x10 Revelations
49%
3x13 Taking a Break From All Your Worries
47%
4x04 Escape Velocity
46%
4x05 The Road Less Traveled
42%
No matching quizzes found
Score Distribution
Percent of People with Each Score
Percentile by Number Answered
Your Score History
You have not taken this quiz